| 000 | 01458nam a2200373 i 4500 | ||
|---|---|---|---|
| 003 | DO-SdBNP | ||
| 005 | 20241218101950.0 | ||
| 007 | ta | ||
| 008 | 241218s2019 dr ac 000 0 spa d | ||
| 020 | _a9789945468847 | ||
| 040 |
_aDO-SdBNP _bspa _cBNPHU _erda |
||
| 082 |
_axxx _bT266 _222 |
||
| 100 | 1 |
_aTejeda, Darío _92540 _eautor _4aut. |
|
| 245 | 1 | 0 |
_aEnfrentar la fiera en su propia madriguera : _bel MPD contra Batista y Trujillo, la resistencia en Cuba y República Dominicana / _cDarío Tejeda |
| 250 | _a1a. edición | ||
| 264 | 1 |
_aSanto Domingo : _bMuseo Memorial de la Resistencia Dominicana, _c2019. |
|
| 300 |
_a367 páginas _bilustraciones, retratos ; _c23 cm. |
||
| 336 |
_atexto _btxt _2rdacontent |
||
| 337 |
_asin mediación _bn _2rdamedia |
||
| 338 |
_avolumen _bnc _2rdacarrier |
||
| 490 | 1 |
_aPremios Museo Memorial dela Resistencia Dominicana _v2 |
|
| 500 | _aIncluye datos biografícos del autor en la solapa de la portada. | ||
| 500 | _aIncluye notas a pie de páginas. | ||
| 500 | _aIncluye índice de nombres, lugares y materias. | ||
| 500 | _aIncluye fuentes de fotos e imágenes. | ||
| 504 | _aBibliografía p: 331-341. | ||
| 586 | _aPremio Internacional Miguel Cocco Guerrero, 2018. | ||
| 590 | _aInventariado, 2024/ YL | ||
| 590 | _aEl ejemplar No. 1 está autografiado por el autor. | ||
| 650 | 0 |
_aPoesía dominicana _9176 |
|
| 650 | 0 |
_aLiteratura dominicana. _967 |
|
| 910 | _aYLockward | ||
| 942 |
_2ddc _cLBS1 |
||
| 999 |
_c57972 _d57972 |
||